00567nam a2200169Ia 450000100060000000800410000602000180004704000130006508200220007810000260010024501690012626000470029530000110034254600070035365000180036070000190037867741150618s9999 xx 000 0 und d a9780470667002 cPK-LaUMT a 616.89156bKRA-D aKramer-Moore, Daniela aDestructive myths in family therapybhow to overcome barriers to communication by seeing and saying - a humanistic perspectivecKramer-Moore, Daniela|Moore, Michael aWest Sussex,USA:bJohn Wiley & Sons,c2012 a196 p. aEN aCommunication aMoore, Michael